000 00725nam a22002657a 4500
001 BR9902444
003 BR-BrBNA
005 20230928100301.0
007 ta
008 230509b bl.||||| |||| 00| 0 por d
040 _aBR-BrBNA
_bpor
_cBiblioteca Nacional de Agricultura
041 _a(Por)
072 _aE80
_b1190
090 _ 1190 BR9902444
100 1 _aAlmeida, S.P. de
110 1 _aCentro de Pesquisa Agropecuaria dos Cerrados, Planaltina, DF (Brasil)
245 1 _aCerrado; aproveitamento alimentar
260 3 _aPlanaltina, DF (Brasil):
_c1998.
300 _a188 p.
500 _a23 illus.
650 _aFruta Tropical
650 _aCulinaria
909 _a202309
_bLucia
_c55
_dLucia Elande
942 _cBK
999 _c60818
_d60818